|
|
|
|
| LEADER |
00592nam a22001457a 4500 |
| 082 |
|
|
|a V 920 GAN: 297 93
|b P0
|
| 100 |
|
|
|a Gandhimohan, M V
|9 14017
|
| 245 |
|
|
|a Mahatma Gandhi and the Baha' is:
|b striving towards a nonviolent civilization/
|
| 260 |
|
|
|a New Delhi:
|b Bahai Publishing Trust.
|c 2000
|
| 300 |
|
|
|a x, 212p.
|
| 650 |
|
|
|a Mahatma Gandhi - Biography
|9 14018
|
| 650 |
|
|
|a Religion - Bahai Faith
|9 14019
|
| 942 |
|
|
|c BK
|
| 999 |
|
|
|c 63943
|d 63943
|
| 952 |
|
|
|0 0
|1 0
|4 0
|5 1
|6 V_920_GAN_297000000000000_93_P
|7 1
|8 VCH
|9 55814
|a MGUL
|b MGUL
|c VIV
|d 2015-03-24
|l 0
|o V 920 GAN: 297 93 P0
|p G03029
|r 2015-03-24
|w 2015-03-24
|y BK
|